| 000 | 00754nam a22002297a 4500 | ||
|---|---|---|---|
| 010 | _aB-024326 | ||
| 020 |
_a8185470936 _c1300(set) |
||
| 035 | _aB-024326 | ||
| 037 | _bCen Lib / Ret | ||
| 040 |
_aDPL _bEN |
||
| 082 |
_a347.072 _bBIN |
||
| 100 | _aBindra's, N. S. | ||
| 245 |
_aN.S. Bindra's pleadings and practice : _bwith 1109 model forms of plaints and defebces / _cby K. Shanmukham |
||
| 250 | _a8th ed | ||
| 260 |
_aAllahabad _bThe Law Book Co _c1997 |
||
| 270 |
_aSardar Patel Marg PO Box no. 1-004 _bAllahabad _e211001 |
||
| 300 |
_a(v 1. 873 ; v 2. xliii, 878-1788p) _c27cm(Hb) |
||
| 650 | _aPleading -- India. | ||
| 650 | _aPleading -- India -- Forms. | ||
| 700 | _aShanmukham, K. | ||
| 942 |
_2ddc _cEN _h347.072 _mBIN |
||
| 999 |
_c136874 _d136874 |
||